Normal view
MARC view
Entry Personal Name
001 - CONTROL NUMBER
- control field: 42304
003 - CONTROL NUMBER IDENTIFIER
- control field: ARRUPE
005 - DATE AND TIME OF LATEST TRANSACTION
- control field: 20180919121131.0
008 - FIXED-LENGTH DATA ELEMENTS
- fixed length control field: 180919|| aca||aabn | a|a d
040 ## - CATALOGING SOURCE
- Original cataloging agency: ARRUPE
- Transcribing agency: ARRUPE
100 ## - HEADING--PERSONAL NAME
- Personal name: Oriji, John Nwachimereze,
- Dates associated with a name: 1944-
670 ## - SOURCE DATA FOUND
- Source citation: Work cat.: (ARRUPE)0: Oriji, John Nwachimereze, 1944-, Political organization in Nigeria since the late Stone Age :, 2011